00909nam a2200241Ia 4500001000600000003000900006008004100015040001300056040001300069041001300082100001700095100002900112245003700141245004400178250001100222260001100233260002200244260004900266300005900315500021900374650004300593650003100636A6738IT-RoPAU130308s9999 xx 000 0 und d aIT-RoPAU cIT-RoPAU aITALIANO aSassi Silvio gCodice Aut. SPICS: 9119 aComunicazione e scelte formative bAmbrosius, N.6 (Novembre-Dicembre 1991) a1a ed. aMILANO bCentro Ambrosiano c1991 [1° Ed.:1991 - Ed.Ling.Originale:1991] a"13 p. (prefazione: no ; testo: 13 [pagine: 515-527])" aMappa della Comunicazione Sociale Odierna. caratteristiche Intrinseche della Comunicazione Odierna. Trasformazioni Antropo/Sociologiche. Proprietà semiologiche della Comunicazione Odierna. Trasformazioni in Atto. aCONVEGNI/MANIFESTAZIONI PASTORALE D.CS eCodice materia Spics: 9315